| 000 | 01717cad a22002775a 4500 | ||
|---|---|---|---|
| 001 | L145330 | ||
| 008 | 080929e20080925xxka f s 000 0 eng d | ||
| 035 | _a(Sirsi) u145330 | ||
| 041 | 0 | _aeng | |
| 050 | 0 | 4 | _a333.72 $2 18 |
| 100 | 1 | _aButler, Allan | |
| 111 | 2 |
_aRICS Roots Rural Research Conference _cTrinity College, Oxford _d17-18 March 2008 |
|
| 245 | 0 | 0 |
_aExpanding anaerobic digestion plants in the UK _bthe challenges of perception and planning _h[electronic resource] |
| 260 |
_aLondon _bRICS _c2008 |
||
| 505 | 2 | _aEconomic opportunities and constraints on AD plants -- Societal opportunities and constraints in expanding the number of biogas plants -- A case study of the Anglesey biogas project -- Social acceptability of CAD in the UK | |
| 520 | _aThis conference paper looks at the expansion of anaerobic digestion (AD) plants as one strand of the UK government's energy strategy and discusses the social implications for local communities. It points out positive aspects of AD plant use, such as meeting climate change obligations and reducing the quantity of materials sent to landfill, but illustrates that a lack of public awareness has lead to negative perceptions. The authors recommend the development of methods to overcome these negative perceptions if wider use of AD plants is to be embraced. | ||
| 521 | _aAdvanced | ||
| 590 | _aKA | ||
| 651 | 4 |
_aEngland and Wales _y1543- |
|
| 690 | _aENVIRONMENTAL AND LAND CONSULTANCY-ENERGY | ||
| 700 | 1 | _aHobbs, Phil | |
| 700 | 1 | _aStevens, Brenda | |
| 700 | 1 | _aWinter, Michael | |
| 856 | 4 | 8 |
_uhttps://archive.rics.org/site/scripts/download_info.aspx?fileID=3475&categoryID=547 _zView the report free of charge at www.rics.org... |
| 942 | _n0 | ||
| 999 |
_c108761 _d108761 |
||